Islamic Environmental Systems Engineering (Record no. 9316)
[ view plain ]
| 000 -LEADER | |
|---|---|
| fixed length control field | 00581nam a2200229 a 4500 |
| 020 ## - INTERNATIONAL STANDARD BOOK NUMBER | |
| ISBN | |
| 082 00 - DEWEY DECIMAL CLASSIFICATION NUMBER | |
| Classification number | 500.80297 |
| Author Cutter | HUS4 |
| 100 ## - MAIN ENTRY--AUTHOR NAME | |
| Author name | Husaini, S Waqar Ahmed |
| 245 ## - TITLE STATEMENT | |
| Title | Islamic Environmental Systems Engineering |
| 260 ## - PUBLICATION, DISTRIBUTION, ETC. (IMPRINT) | |
| Place of publication | London |
| Name of publisher | No Publisher |
| Year of publication | 1980 |
| 300 ## - PHYSICAL DESCRIPTION | |
| Number of Pages | 239p |
| 500 ## - GENERAL NOTE | |
| General note | includes index and biblioraphy |
| 650 ## - SUBJECT ADDED ENTRY--TOPICAL TERM | |
| Topical Term | Islam and Science |
| 942 ## - ADDED ENTRY ELEMENTS (KOHA) | |
| Koha item type | Books |
| 700 1# - | |
| -- | Husaini, S Waqar Ahmed |
| Collection code | Home library | Current library | Date acquired | Cost, normal purchase price | Full call number | Accession Number | Koha item type |
|---|---|---|---|---|---|---|---|
| Henry Martyn Institute Library | Henry Martyn Institute Library | 02/11/2008 | 630.00 | 500.80297 HUS4 | 013823 | Books |
